| 000 | 00737cab a2200301 4500 | ||
|---|---|---|---|
| 001 | ABS50107 | ||
| 008 | 090401t1994 xxu||||| |||| 00| 0 eng d | ||
| 035 | _a(Sirsi) u74205 | ||
| 041 | _aeng | ||
| 245 | _aCentrefolio: M4 Heathrow to Newbury | ||
| 260 | _c1994 | ||
| 350 | _a0 | ||
| 490 |
_aProperty Week _v46(7) 17 February 1994, 47-83(13) |
||
| 650 | _aBERKSHIRE | ||
| 650 | _aBRACKNELL | ||
| 650 | _aGREENHAM COMMON | ||
| 650 | _aHEATHROW | ||
| 650 | _aHOUNSLOW | ||
| 650 | _aM4 CORRIDOR | ||
| 650 | _aMAIDENHEAD | ||
| 650 | _aNEWBURY | ||
| 650 | _aREADING | ||
| 650 | _aSLOUGH | ||
| 650 | _aWINDSOR | ||
| 690 | _aPROPERTY-COMMERCIAL PROPERTY-COMMERCIAL PROPERTY MARKET | ||
| 942 | _n0 | ||
| 948 | _c04/03/1997 | ||
| 999 |
_c46841 _d46841 |
||